000 00541nam a2200217Ia 4500
003 OSt
005 20221005130642.0
006 a|||||r|||| 00| 0
007 ta
008 221004b |||||||| |||| 00| 0 eng d
024 _a120661
037 _cTextual
040 _aCRL
_cCRL
_beng
041 _2eng
_aeng
100 _aInternational Labour office
245 0 _aSafe instalation & use of -------- wheels
260 _c1944
650 _aHISTORY
942 _cTEXL
_2cc
999 _c1057913
_d1057913